000 00324 a2200133 4500
000 nam a22 7a 4500
100 _aField, Andy
110 _aField, Andy
245 _aDiscovering Statistics Using IBM SPSS Statistics
250 _aLatest edition
260 _bSage
_c2024
264 _bSage
_c2024
942 _cBK
999 _c395400
_d395400